Statistics for All teams to ever play in italian Serie A

Click here to take the quiz!

General Stats

  • This quiz has been taken 3,894 times
    (2,454 since last reset)
  • The average score is 35 of 65

Answer Stats

Answer% Correct
Inter
98%
Juventus
98%
Milan
97%
Roma
95%
Lazio
93%
Napoli
92%
Fiorentina
89%
Atalanta
87%
Torino
87%
Genoa
86%
Sampdoria
86%
Bologna
83%
Cagliari
83%
Udinese
83%
Palermo
82%
Parma
82%
Verona
82%
Bari
77%
Chievo
75%
Lecce
72%
Sassuolo
72%
Venezia
72%
Brescia
67%
Catania
65%
Empoli
61%
Livorno
57%
Pisa
57%
SPAL
57%
Perugia
55%
Salernitana
54%
Ascoli
53%
Pescara
53%
Vicenza
50%
Frosinone
49%
Reggina
48%
Siena
47%
Modena
46%
Messina
45%
Como
44%
Ancona
42%
Cesena
42%
Padova
41%
Piacenza
41%
Cremonese
40%
Novara
40%
Pro Vercelli
40%
Foggia
37%
Avellino
35%
Reggiana
35%
Triestina
35%
Alessandria
34%
Carpi
30%
Catanzaro
30%
Ternana
30%
Treviso
30%
Varese
28%
Mantova
27%
Lecco
24%
Casale
21%
Pro Patria
20%
Lucchese
18%
Pistoiese
17%
Legnano
9%
Liguria
8%
Sampierdarenese
6%

Score Distribution

Percentile by Number Answered

Percent of People with Each Score

Your Score History

You have not taken this quiz since the last reset